00390nam a2200145Ia 4500008004100000020001500041041001200056082001600068100001600084245008200100260002500182300000800207650000700215700002200222221030s9999 xx 000 0 und d a0074603949 aEnglish a105.23bSud aA. Sudhakar 0aCircuits & Networks : Analysis & Synthesiscby A. Sudhakar, S. P. Shyammohan bTMHaNew Delhic1999 a754 aEE aS. P. Shyammohan